Handbook of public water systems culp-wesner-culp (Record no. 566693)
[ view plain ]
| 000 -LEADER | |
|---|---|
| fixed length control field | 00564nam a22001817a 4500 |
| 003 - CONTROL NUMBER IDENTIFIER | |
| control field | CEME |
| 005 - DATE AND TIME OF LATEST TRANSACTION | |
| control field | 20210628201644.0 |
| 008 - FIXED-LENGTH DATA ELEMENTS--GENERAL INFORMATION | |
| fixed length control field | 210212b xxu||||| |||| 00| 0 eng d |
| 020 ## - INTERNATIONAL STANDARD BOOK NUMBER | |
| International Standard Book Number | 0-442-21597-5 |
| 040 ## - CATALOGING SOURCE | |
| Transcribing agency | . |
| 082 ## - DEWEY DECIMAL CLASSIFICATION NUMBER | |
| Classification number | 628.1 HAN |
| 100 ## - MAIN ENTRY--PERSONAL NAME | |
| Personal name | Williams, Robert.B Culp, Gordon.L |
| 9 (RLIN) | 56195 |
| 245 ## - TITLE STATEMENT | |
| Title | Handbook of public water systems culp-wesner-culp |
| 260 ## - PUBLICATION, DISTRIBUTION, ETC. | |
| Place of publication, distribution, etc. | NEW YORK |
| Name of publisher, distributor, etc. | VAN NOSTRAND REINHOLD |
| Date of publication, distribution, etc. | 1986 |
| 300 ## - PHYSICAL DESCRIPTION | |
| Extent | XIV,1111P |
| 650 ## - SUBJECT ADDED ENTRY--TOPICAL TERM | |
| Topical term or geographic name entry element | MUNICIPAL WATER SUPPLY-UNITED STATES WATER QUALITY-UNITED STATES WATER-PURIFICATION |
| 9 (RLIN) | 56196 |
| 942 ## - ADDED ENTRY ELEMENTS (KOHA) | |
| Koha item type | Book |
| Source of classification or shelving scheme | |
| Withdrawn status | Lost status | Damaged status | Not for loan | Permanent Location | Current Location | Shelving location | Date acquired | Total Checkouts | Full call number | Barcode | Date last seen | Price effective from | Koha item type |
|---|---|---|---|---|---|---|---|---|---|---|---|---|---|
| College of Electrical & Mechanical Engineering (CEME) | College of Electrical & Mechanical Engineering (CEME) | General Stacks | 07/11/2017 | 628.1 HAN | CEME-34960 | 06/28/2021 | 06/28/2021 | Book |
